[Event "Lesa op-B 3rd"]
[Site "Lesa"]
[Date "2014.09.21"]
[Round "5"]
[White "Giovarruscio, Gabriele"]
[Black "Stephan, Sandro"]
[Result "1-0"]
[WhiteElo "1653"]
[BlackElo "1407"]
[PlyCount "77"]
[EventDate "2014.09.19"]
[EventType "swiss"]
[EventRounds "5"]
[EventCountry "ITA"]
[SourceTitle "EXT 2016"]
[Source "ChessBase"]
[SourceDate "2015.10.08"]
[SourceVersion "1"]
[SourceVersionDate "2015.10.08"]
[SourceQuality "1"]

1. d4 d5 2. c4 dxc4 3. Nf3 Nf6 4. e3 a6 5. Bxc4 b5 6. Be2 e6 7. 0-0 Nbd7 8. a4 c6 9. axb5 cxb5 10. Bxb5 Bb7 11. Be2 Be7 12. Nc3 0-0 13. b3 Qc7 14. Bb2 Ng4 15. h3 Bxf3 16. hxg4 Bxe2 17. Qxe2 a5 18. Rfc1 Qb7 19. Ba3 Bb4 20. Bxb4 Qxb4 21. Qc4 Rfb8 22. Qxb4 Rxb4 23. Ra3 e5 24. Na2 Rb7 25. dxe5 g6 26. f4 g5 27. g3 gxf4 28. gxf4 Nb6 29. Rc5 Rba7 30. Nc3 a4 31. bxa4 Nxa4 32. Nxa4 Rxa4 33. Rxa4 Rxa4 34. Kf2 Ra6 35. Kf3 Ra3 36. g5 Kg7 37. Rc2 Kg6 38. Rc6+ Kg7 39. Rf6 1-0

[Event "Milan Crespi op-B 34th"]
[Site "Milan"]
[Date "2013.12.08"]
[Round "6"]
[White "Manca, Renato"]
[Black "Giovarruscio, Gabriele"]
[Result "1-0"]
[WhiteElo "1629"]
[BlackElo "1683"]
[PlyCount "31"]
[EventDate "2013.12.04"]
[EventType "swiss"]
[EventRounds "7"]
[EventCountry "ITA"]
[SourceTitle "EXT 2015"]
[Source "ChessBase"]
[SourceDate "2014.11.20"]
[SourceVersion "1"]
[SourceVersionDate "2014.11.20"]
[SourceQuality "1"]

1. d4 Nf6 2. Nc3 d5 3. e4 dxe4 4. f3 exf3 5. Nxf3 Bg4 6. Bc4 e6 7. Be3 Bb4 8. 0-0 Bxc3 9. bxc3 Nd5 10. Qd2 Bxf3 11. Rxf3 Nxe3 12. Qxe3 0-0 13. Raf1 Nd7 14. Rxf7 Rxf7 15. Rxf7 Kxf7 16. Qxe6+ 1-0

[Event "Milan Crespi op-B 34th"]
[Site "Milan"]
[Date "2013.12.07"]
[Round "4"]
[White "Giovarruscio, Gabriele"]
[Black "Viotti, Alberto"]
[Result "1/2-1/2"]
[WhiteElo "1683"]
[BlackElo "1609"]
[PlyCount "127"]
[EventDate "2013.12.04"]
[EventType "swiss"]
[EventRounds "7"]
[EventCountry "ITA"]
[SourceTitle "EXT 2015"]
[Source "ChessBase"]
[SourceDate "2014.11.20"]
[SourceVersion "1"]
[SourceVersionDate "2014.11.20"]
[SourceQuality "1"]

1. d4 Nf6 2. c4 e6 3. Nf3 b6 4. g3 Bb7 5. Bg2 Bb4+ 6. Bd2 Bxd2+ 7. Nbxd2 0-0 8. 0-0 d6 9. Qc2 Nbd7 10. e4 e5 11. d5 c6 12. dxc6 Bxc6 13. Rad1 Nc5 14. Rfe1 Qc7 15. b3 Qb7 16. Nh4 Rac8 17. f3 b5 18. Nf5 Rfd8 19. Bf1 Rc7 20. Qb1 Qb6 21. Kh1 a6 22. Be2 Qb7 23. Qa1 Ncxe4 24. fxe4 Nxe4 25. Nxe4 Bxe4+ 26. Kg1 Qb6+ 27. Kf1 Bxf5 28. g4 Be6 29. cxb5 axb5 30. Qxe5 Rcd7 31. Qxb5 Qxb5 32. Bxb5 Rc7 33. Rd4 Rc2 34. Re2 Rxe2 35. Bxe2 Kf8 36. h4 Ke7 37. g5 Rc8 38. Ke1 Rc1+ 39. Kd2 Ra1 40. Ra4 Bd7 41. Ra7 Kd8 42. b4 Rh1 43. h5 Rh2 44. Ke3 Rg2 45. Ra5 Rg3+ 46. Kf2 Rc3 47. a3 Rc2 48. Ke3 Rc3+ 49. Kd2 Rg3 50. Ke1 Re3 51. Kf2 Re4 52. Bf3 Rf4 53. Ke3 Rc4 54. Be4 Rc3+ 55. Bd3 Bg4 56. Kd2 Rc7 57. Be2 Bxe2 58. Kxe2 Rc2+ 59. Kf3 Rh2 60. Kg4 Ke7 61. Rd5 Re2 62. Rd3 Ke6 63. Kf4 Rf2+ 64. Kg3 1/2-1/2

[Event "Omegna op 1st"]
[Site "Omegna"]
[Date "2013.07.05"]
[Round "3"]
[White "Rizzi, Pietro"]
[Black "Giovarruscio, Gabriele"]
[Result "1/2-1/2"]
[WhiteElo "1582"]
[BlackElo "1715"]
[PlyCount "137"]
[EventDate "2013.07.04"]
[EventType "swiss"]
[EventRounds "6"]
[EventCountry "ITA"]
[SourceTitle "EXT 2014"]
[Source "ChessBase"]
[SourceDate "2013.11.20"]
[SourceVersion "1"]
[SourceVersionDate "2013.11.20"]
[SourceQuality "1"]

1. e4 c6 2. d4 d5 3. Nc3 dxe4 4. Nxe4 Bf5 5. Ng3 Bg6 6. h4 h6 7. Nf3 Nd7 8. h5 Bh7 9. Bd3 Bxd3 10. Qxd3 e6 11. Bd2 Ngf6 12. 0-0-0 Be7 13. Ne4 Nxe4 14. Qxe4 Nf6 15. Qe2 Qd5 16. c4 Qe4 17. Rde1 Qxe2 18. Rxe2 0-0 19. Bc3 Rfc8 20. Ne5 b5 21. g4 bxc4 22. f3 Nd5 23. Re4 Bb4 24. Kc2 Rab8 25. Rg1 Rc7 26. f4 f5 27. Ree1 Nxf4 28. Ng6 Nxg6 29. hxg6 fxg4 30. Rxg4 Re7 31. Rf4 Bd6 32. Rf3 Rf8 33. Ref1 Rxf3 34. Rxf3 c5 35. dxc5 Bxc5 36. Be5 Rd7 37. Rc3 Rd5 38. Bb8 Rd4 39. Rg3 Re4 40. Rg2 Kf8 41. Rg3 Re2+ 42. Kc3 Re3+ 43. Rxe3 Bxe3 44. Kxc4 Ke7 45. Kd3 Bf2 46. Be5 Kf8 47. Ke2 Bc5 48. a4 Be7 49. Kf3 Bf6 50. Bd6+ Ke8 51. b4 Kd7 52. Bc5 a6 53. b5 axb5 54. axb5 e5 55. b6 Kc6 56. Be3 Kb7 57. Kg4 Bd8 58. Kf5 Bf6 59. Bxh6 Kxb6 60. Ke6 e4 61. Kf7 gxh6 62. Kxf6 e3 63. g7 e2 64. g8Q e1Q 65. Qb8+ Kc6 66. Qc8+ Kb6 67. Qb8+ Kc6 68. Qc8+ Kb6 69. Qb8+ 1/2-1/2

[Event "Biella op 1st"]
[Site "Biella"]
[Date "2010.09.26"]
[Round "5"]
[White "Guidi, Giacomo G"]
[Black "Giovarruscio, Gabriele"]
[Result "1-0"]
[WhiteElo "1942"]
[BlackElo "1669"]
[PlyCount "79"]
[EventDate "2010.09.24"]
[EventType "swiss"]
[EventRounds "5"]
[EventCountry "ITA"]
[SourceTitle "EXT 2024"]
[Source "ChessBase"]
[SourceDate "2023.10.10"]
[SourceVersion "1"]
[SourceVersionDate "2023.10.10"]
[SourceQuality "1"]

1. Nf3 Nf6 2. g3 g6 3. Bg2 Bg7 4. 0-0 0-0 5. c4 c5 6. Nc3 Nc6 7. Rb1 d6 8. a3 Bf5 9. d3 Qd7 10. b4 cxb4 11. axb4 Bh3 12. b5 Nd8 13. d4 Bxg2 14. Kxg2 Ne6 15. Qd3 Rfd8 16. e4 Ne8 17. Be3 b6 18. Ra1 Qb7 19. Ra4 N8c7 20. Rfa1 Kf8 21. Nd5 Rd7 22. Nb4 Nd8 23. R1a2 Nce6 24. d5 Nc5 25. Bxc5 dxc5 26. Nc6 a5 27. Qe3 Qc7 28. e5 Nb7 29. Qf4 Kg8 30. Re2 Rf8 31. Qe4 f5 32. Qh4 h6 33. e6 g5 34. Nxg5 hxg5 35. Qxg5 f4 36. Re1 f3+ 37. Kg1 Rf6 38. exd7 Qxd7 39. Rxe7 Qh3 40. Qxg7# 1-0

[Event "Lombardia Region-ch"]
[Site "Solaro"]
[Date "2010.05.30"]
[Round "5"]
[White "Giovarruscio, Gabriele"]
[Black "Colombo, Luca"]
[Result "0-1"]
[WhiteElo "1670"]
[BlackElo "1911"]
[PlyCount "250"]
[EventDate "2010.05.28"]
[EventType "swiss"]
[EventRounds "5"]
[EventCountry "ITA"]
[SourceTitle "EXT 2024"]
[Source "ChessBase"]
[SourceDate "2023.10.10"]
[SourceVersion "1"]
[SourceVersionDate "2023.10.10"]
[SourceQuality "1"]

1. Nf3 Nf6 2. c4 g6 3. g3 Bg7 4. Bg2 d6 5. d4 0-0 6. Nc3 Nbd7 7. 0-0 c5 8. e3 Rb8 9. a4 b6 10. d5 Ba6 11. Nb5 Bxb5 12. axb5 Qc7 13. Qc2 Ng4 14. Bh3 Nge5 15. Nxe5 Nxe5 16. Bg2 Qd7 17. Ra2 f5 18. b3 Ra8 19. Bb2 Bh6 20. Bxe5 dxe5 21. d6 Rad8 22. dxe7 Qxe7 23. Bd5+ Kh8 24. Rfa1 Rd7 25. Re1 e4 26. Qe2 Bg7 27. Rd1 Rfd8 28. Rc1 Qe5 29. Rcc2 Bf6 30. Ra3 Rg7 31. Rca2 Rdd7 32. Kf1 h6 33. Kg2 Qb8 34. Rd2 Bc3 35. Rd1 Bb4 36. Ra2 Rd6 37. h4 Rgd7 38. Rh1 Qf8 39. Rh3 Qf6 40. Rc2 Rg7 41. Rc1 Qe5 42. Rch1 Rgd7 43. Qa2 Kg7 44. Qa4 Rc7 45. Qa1 Bc3 46. Qd1 Rcd7 47. Qc2 a6 48. bxa6 Ra7 49. Qa2 Ba5 50. Qa1 Qxa1 51. Rxa1 Rxa6 52. Rhh1 Ra7 53. Ra4 Rc7 54. Ra2 Kf6 55. f3 exf3+ 56. Kxf3 Ke5 57. Re2 Rf6 58. Kg2 Re7 59. Ra1 Rd6 60. Rf1 Rxd5 61. cxd5 Kxd5 62. Rd1+ Kc6 63. Kf3 Re4 64. Rd3 b5 65. Ra2 c4 66. bxc4 bxc4 67. Rda3 Bb6 68. Rc3 Kc5 69. Ra4 Bc7 70. Rc2 Kb5 71. Ra8 Bb6 72. Rc3 Kb4 73. Rca3 Bc5 74. R8a4+ Kb5 75. Ra5+ Kb6 76. Ra6+ Kb7 77. Ra2 Rxe3+ 78. Kg2 Bb6 79. R6a4 c3 80. Rc4 Bc7 81. Kf2 Rd3 82. g4 Rh3 83. Raa4 c2 84. Rab4+ Bb6+ 85. Kg2 fxg4 86. Rxc2 Re3 87. Rcb2 Re6 88. Rxg4 Kc7 89. Rb3 Kd7 90. Rb2 Ke7 91. Ra2 Kf6 92. Rc4 Kf5 93. Ra3 g5 94. Rf3+ Ke5 95. hxg5 hxg5 96. Rb4 Bd8 97. Re3+ Kf6 98. Rd3 Be7 99. Rf3+ Kg6 100. Rb7 Bf6 101. Rb4 Rd6 102. Kh3 Re6 103. Kg4 Rd6 104. Rc4 Be5 105. Kh3 Bf4 106. Kg4 Rf6 107. Rc8 Rf7 108. Rg8+ Rg7 109. Rc8 Rf7 110. Rh3 Be5 111. Rc6+ Rf6 112. Rf3 Rxc6 113. Rb3 Rc4+ 114. Kh3 Kf5 115. Rf3+ Rf4 116. Rb3 g4+ 117. Kg2 Rc4 118. Rb1 Rc2+ 119. Kf1 Kf4 120. Rb4+ Kf3 121. Rb3+ Bc3 122. Rb1 g3 123. Rd1 Rd2 124. Rb1 g2+ 125. Kg1 Bd4+ 0-1

[Event "Ceriano Laghetto op-B 19th"]
[Site "Ceriano Laghetto"]
[Date "2010.03.??"]
[Round "4"]
[White "Giovarruscio, Gabriele"]
[Black "Bertamini, Alberto"]
[Result "1-0"]
[WhiteElo "1703"]
[BlackElo "1697"]
[PlyCount "71"]
[EventDate "2010.03.??"]
[EventType "swiss"]
[EventRounds "5"]
[EventCountry "ITA"]
[SourceTitle "EXT 2024"]
[Source "ChessBase"]
[SourceDate "2023.10.10"]
[SourceVersion "1"]
[SourceVersionDate "2023.10.10"]
[SourceQuality "1"]

1. Nf3 d5 2. c4 Nf6 3. g3 Bf5 4. Bg2 e6 5. 0-0 c6 6. d4 dxc4 7. Qa4 Bd6 8. Qxc4 Qc7 9. Nc3 Nbd7 10. Bg5 Nb6 11. Qb3 Nbd5 12. Rac1 Nxc3 13. bxc3 Ne4 14. Be3 h6 15. Rfd1 g5 16. c4 Be7 17. Nd2 Nf6 18. f3 Bd6 19. Bf2 h5 20. e4 h4 21. exf5 hxg3 22. Bxg3 Bxg3 23. hxg3 0-0-0 24. Ne4 Nh5 25. fxe6 fxe6 26. Rb1 b6 27. c5 b5 28. Qxe6+ Kb8 29. Qg4 Rd5 30. a4 a6 31. axb5 axb5 32. Ra1 Qg7 33. Nd6 Nf6 34. Qe6 Nd7 35. Qe3 Kc7 36. Ra7+ 1-0

[Event "Ceriano Laghetto op-B 19th"]
[Site "Ceriano Laghetto"]
[Date "2010.03.??"]
[Round "3"]
[White "Giovarruscio, Gabriele"]
[Black "Martelli, Tommaso"]
[Result "0-1"]
[WhiteElo "1703"]
[BlackElo "1875"]
[PlyCount "92"]
[EventDate "2010.03.??"]
[EventType "swiss"]
[EventRounds "5"]
[EventCountry "ITA"]
[SourceTitle "EXT 2024"]
[Source "ChessBase"]
[SourceDate "2023.10.10"]
[SourceVersion "1"]
[SourceVersionDate "2023.10.10"]
[SourceQuality "1"]

1. d4 Nf6 2. Nf3 e6 3. Bf4 c5 4. c3 Nc6 5. Nbd2 cxd4 6. cxd4 Qb6 7. Qb3 Nxd4 8. Qxb6 Nxf3+ 9. Nxf3 axb6 10. a3 Bb4+ 11. Bd2 Bxd2+ 12. Nxd2 d5 13. e3 Bd7 14. Bd3 Ke7 15. Ke2 Rhc8 16. Rac1 Ne8 17. Nf3 Nd6 18. Rhe1 Bb5 19. Bxb5 Nxb5 20. Kd2 Nd6 21. Rxc8 Rxc8 22. Re2 Rc5 23. Kd3 Rc1 24. Re1 Rxe1 25. Nxe1 Nc4 26. Kc3 Kd6 27. a4 Kc6 28. b3 Nd6 29. f3 Nf5 30. Kd3 Kc5 31. g4 Nh4 32. Kc3 f6 33. f4 e5 34. b4+ Kd6 35. f5 g5 36. h3 e4 37. Kd2 Nf3+ 38. Nxf3 exf3 39. Ke1 Ke5 40. Kf2 Ke4 41. h4 gxh4 42. g5 Kxf5 43. gxf6 Kxf6 44. Kxf3 Kf5 45. a5 bxa5 46. bxa5 h3 0-1